Giáo trình toán. T.2, Giải tích 2. Giáo trình và 600 bài tập có lời giải /

Sách tập trung giới thiệu 600 bài tập giải tích cùng với lời giải giúp bạn đọc dễ dàng lĩnh hội kiến thức trong việc học Toán học của mình.

Đã lưu trong:
Chi tiết về thư mục
Tác giả chính: Monier, Jean-Marie.
Tác giả khác: Nguyễn Văn Thường (dịch.)
Định dạng: Sách
Ngôn ngữ:Vietnamese
Được phát hành: Hà Nội : Giáo dục, 2000.
Những chủ đề:
Các nhãn: Thêm thẻ
Không có thẻ, Là người đầu tiên thẻ bản ghi này!
Thư viện lưu trữ: Mạng thư viện Đại học Đà Nẵng
LEADER 01443cam a2200397 a 4500
001 000046700
003 6205
005 20070517082013.0
008 010307b2000 vm 000 vie
020 |c 40000 
022 |a T 
040 |a IRC  |c IRC  |d IRC 
041 1 |a vie 
082 1 4 |a 515  |b MO-J 
100 1 |a Monier, Jean-Marie. 
245 1 0 |a Giáo trình toán.  |n T.2,  |p Giải tích 2. Giáo trình và 600 bài tập có lời giải /  |c Jean-Marie Monier ; Nguyễn Văn Thường dịch. 
260 |a Hà Nội :  |b Giáo dục,  |c 2000. 
300 |a 431 tr. ;  |c 24 cm. 
520 3 |a Sách tập trung giới thiệu 600 bài tập giải tích cùng với lời giải giúp bạn đọc dễ dàng lĩnh hội kiến thức trong việc học Toán học của mình. 
630 0 4 |a Toán học. 
630 0 4 |a Giải tích. 
630 0 4 |a Giáo trình Toán. 
650 0 4 |a Giải tích. 
700 1 |a Nguyễn Văn Thường,  |e dịch. 
OWN |a DUT 
AVA |a UDN50  |b DUT  |c Book  |d 515 MO-J  |e available  |t Error 5001 Not defined in file expand_doc_bib_avail.  |f 1  |g 0  |h N  |i 0  |j SH  |k 1 
999 |a From the UDN01 
AVA |a UDN50  |b DUT  |c Book  |d 515 MO-J  |e available  |t Error 5001 Not defined in file expand_doc_bib_avail.  |f 1  |g 0  |h N  |i 0  |j SH  |k 1 
TYP |a Monograph 
TYP |a Printed language 
980 |a Mạng thư viện Đại học Đà Nẵng